Niagara in politics : a critical account of the Ontario hydro-electric commission /

Bibliographic Details
Main Author: Mavor, James, 1854-1925
Format: Book
Language:English
Published: New York : E. P. Dutton & company, [1925]
Subjects:

MARC

Tag First Indicator Second Indicator Subfields
LEADER 00000cam a2200000 4500
001 in00000082520
005 20151008053039.0
008 750401s1925 nyu 00000 eng u
010 |a  25023832  
035 |a (OCoLC)01246102 
035 |9 AAH5991AM 
040 |c YOM  |d TXA  |d UtOrBLW 
049 |a TXAM  |c [27499] 
050 0 0 |a TK1427.O5  |b M3 
092 |a 380.16  |b M46n 
100 1 |a Mavor, James,  |d 1854-1925. 
245 1 0 |a Niagara in politics :  |b a critical account of the Ontario hydro-electric commission /  |c by James Mavor ... 
264 1 |a New York :  |b E. P. Dutton & company,  |c [1925] 
264 4 |c [©1925] 
300 |a 1 preliminary leaf, v-vi pages, 1 leaf, 255 pages ;  |c 19 1/2 cm. 
336 |a text  |b txt  |2 rdacontent 
337 |a unmediated  |b n  |2 rdamedia 
338 |a volume  |b nc  |2 rdacarrier 
610 1 0 |a Ontario.  |b Hydro-Electric Power Commission. 
651 0 |a Niagara Falls (N.Y. and Ont.)  |x Power utilization. 
999 |a MARS 
999 f f |s c91d56d1-f5ee-3fe4-aeff-59b8848706d9  |i b04ed41b-e72e-3fc8-8a23-5fd41aceaa9c  |t 0 
952 f f |p ric  |a Texas A&M University  |b Rellis Campus  |c Joint Library Facility  |d Remote Storage  |t 0  |e TK1427.O5 M3  |h Library of Congress classification  |i unmediated -- volume  |m A14800872713 
998 f f |a TK1427.O5 M3  |t 0  |l Remote Storage